Muslim communities and cultures of the himalayas: Conceptualizing the global ummah (Record no. 1233422)

MARC details
000 -LEADER
fixed length control field 00702nam a2200229Ia 4500
005 - DATE AND TIME OF LATEST TRANSACTION
control field 20241129120122.0
008 - FIXED-LENGTH DATA ELEMENTS--GENERAL INFORMATION
fixed length control field 241129s9999||||xx |||||||||||||| ||und||
020 ## - INTERNATIONAL STANDARD BOOK NUMBER
International Standard Book Number 9781032725963
037 ## - SOURCE OF ACQUISITION
Stock number TB
040 ## - CATALOGING SOURCE
Original cataloging agency SDCL
Language of cataloging eng
Transcribing agency SDCL
041 ## - LANGUAGE CODE
Language code of text/sound track or separate title eng
Source of code eng
084 ## - COLON CLASSIFICATION NUMBER
Classification number V4497'P, R1
Assigning agency SDCL
100 ## - MAIN ENTRY--PERSONAL NAME
Personal name Fewkes Jacqueline Ed.; Sijapati Megan Adamson Ed.
9 (RLIN) 729189
245 #0 - TITLE STATEMENT
Title Muslim communities and cultures of the himalayas: Conceptualizing the global ummah
260 ## - PUBLICATION, DISTRIBUTION, ETC.
Place of publication, distribution, etc. London
Name of publisher, distributor, etc. Routledge
Date of publication, distribution, etc. 2021
300 ## - PHYSICAL DESCRIPTION
Extent xiv,167p.
365 ## - TRADE PRICE
Price type code INR
Price amount 1195
490 ## - SERIES STATEMENT
Series statement Routledge South Asian religion series
650 ## - SUBJECT ADDED ENTRY--TOPICAL TERM
Topical term or geographic name entry element History
942 ## - ADDED ENTRY ELEMENTS (KOHA)
Koha item type Textbook
Classification part V4497'P, R1
Holdings
Withdrawn status Lost status Source of classification or shelving scheme Damaged status Not for loan Home library Current library Date acquired Source of acquisition Cost, normal purchase price Total Checkouts Full call number Barcode Date last seen Price effective from Koha item type
    Colon Classification (CC)     South Campus Library South Campus Library 2024-11-29 Shivam Book Service 1195.00   V4497'P, R1 SC1689861 2024-11-29 2024-11-29 Textbook
Copyright @ Delhi University Library System